Dangerous Adolescents, Model Adolescents Shaping the Role and Promise of Education /

Teachers make a difference. As someone who grew up in one of the po- est and rural areas of a poor state and ended up attending elite graduate and professional schools, I have much to credit my public school teachers. My teachers sure struggled much to teach an amazingly wide variety of students fro...

Πλήρης περιγραφή

Λεπτομέρειες βιβλιογραφικής εγγραφής
Κύριος συγγραφέας: Levesque, Roger J. R. (Συγγραφέας)
Συγγραφή απο Οργανισμό/Αρχή: SpringerLink (Online service)
Μορφή: Ηλεκτρονική πηγή Ηλ. βιβλίο
Γλώσσα:English
Έκδοση: Boston, MA : Springer US, 2002.
Σειρά:Perspectives in Law & Psychology, 13
Θέματα:
Διαθέσιμο Online:Full Text via HEAL-Link
LEADER 03227nam a22004935i 4500
001 978-0-306-47540-5
003 DE-He213
005 20151204162942.0
007 cr nn 008mamaa
008 100301s2002 xxu| s |||| 0|eng d
020 |a 9780306475405  |9 978-0-306-47540-5 
024 7 |a 10.1007/b107914  |2 doi 
040 |d GrThAP 
050 4 |a BF61 
072 7 |a JMK  |2 bicssc 
072 7 |a PSY003000  |2 bisacsh 
072 7 |a LAW041000  |2 bisacsh 
082 0 4 |a 150  |2 23 
100 1 |a Levesque, Roger J. R.  |e author. 
245 1 0 |a Dangerous Adolescents, Model Adolescents  |h [electronic resource] :  |b Shaping the Role and Promise of Education /  |c by Roger J. R. Levesque. 
264 1 |a Boston, MA :  |b Springer US,  |c 2002. 
300 |a XIII, 258 p.  |b online resource. 
336 |a text  |b txt  |2 rdacontent 
337 |a computer  |b c  |2 rdamedia 
338 |a online resource  |b cr  |2 rdacarrier 
347 |a text file  |b PDF  |2 rda 
490 1 |a Perspectives in Law & Psychology,  |x 0160-4422 ;  |v 13 
505 0 |a Developing Law to Educate Adolescents -- Education’s Role in Fostering Adolescents -- Law and the Development of Public Education -- Challenges Facing Adolescents’ Education -- Dangerous Adolescents -- Model Adolescents -- Thriving Adolescents -- Fostering Adolescents -- Ensuring the Promise of Education. 
520 |a Teachers make a difference. As someone who grew up in one of the po- est and rural areas of a poor state and ended up attending elite graduate and professional schools, I have much to credit my public school teachers. My teachers sure struggled much to teach an amazingly wide variety of students from different backgrounds, abilities, and hopes. Given that re- ity, which undoubtedly repeats itself across the United States and globe, one would think that I should be quite hesitant to criticize a system that produces countless grateful students and productive citizens. I agree. The pages that follow surely can be perceived as yet another attack on already much maligned schools that do produce impressive outcomes despite their limited resources, increased obligations, and the sustained barrage of attacks from competing interest groups. Some may even view the text as an affront to the inalienable rights of parents to raise their children as they see fit. Others surely could understand the analysis as another assault on our decentralized legal and school systems that should retain the right to balance the needs of communities, parents, schools, and students. I clearly did not intend, and do not see the ultimate result, as yet another diatribe on the manner teachers, parents and communities treat students. 
650 0 |a Psychology. 
650 0 |a Education. 
650 0 |a Clinical psychology. 
650 1 4 |a Psychology. 
650 2 4 |a Law and Psychology. 
650 2 4 |a Education, general. 
650 2 4 |a Clinical Psychology. 
710 2 |a SpringerLink (Online service) 
773 0 |t Springer eBooks 
776 0 8 |i Printed edition:  |z 9780306467677 
830 0 |a Perspectives in Law & Psychology,  |x 0160-4422 ;  |v 13 
856 4 0 |u http://dx.doi.org/10.1007/b107914  |z Full Text via HEAL-Link 
912 |a ZDB-2-BHS 
912 |a ZDB-2-BAE 
950 |a Behavioral Science (Springer-11640)